Pokémon, die mit D beginnen - Statistiken

Allgemein
  • Dieses Quiz wurde 33 mal gespielt
  • Das Durchschnittsergebnis liegt bei 27 aus 39
Antwortstatistiken
Nr. Typ Name % Korrekt
148 Drache Dragonir
100%
149 Drache, Flug Dragoran
100%
147 Drache Dratini
100%
50 Boden Digda
95%
51 Boden Digdri
95%
85 Normal, Flug Dodri
95%
84 Normal, Flug Dodu
95%
44 Pflanze, Gift Duflor
91%
232 Boden Donphan
82%
206 Normal Dummisel
82%
248 Gestein, Unlicht Despotar
77%
234 Normal Damhirplex
73%
702 Elektro, Fee Dedenne
73%
372 Drache Draschel
73%
491 Unlicht Darkrai
68%
483 Stahl, Drache Dialga
68%
841 Pflanze, Drache Drapfel
68%
425 Geist, Flug Driftlon
68%
426 Geist, Flug Drifzepeli
68%
661 Normal, Flug Dartiri
64%
719 Gestein, Fee Diancie
64%
132 Normal Ditto
64%
549 Pflanze Dressella
64%
681 Stahl, Geist Durengard
64%
519 Normal, Flug Dusselgurr
64%
386 Psycho Deoxys
59%
738 Käfer, Elektro Donarion
59%
982 Normal Dummimisel
59%
634 Unlicht, Drache Duodino
59%
680 Stahl, Geist Duokles
59%
662 Feuer, Flug Dartignis
55%
645 Boden, Flug Demeteros
55%
569 Gift Deponitox
55%
884 Stahl, Drache Duraludon
55%
899 Normal, Psycho Damythir
50%
891 Kampf Dakuma
45%
964 Wasser Delfinator
45%
1003 Unlicht, Boden Dinglu
41%
1005 Drache, Unlicht Donnersichel
41%
Keine übereinstimmenden Quizze gefunden
Verteilung der Resultate
Anzahl Personen mit jedem Resultat
Perzentil nach korrekt beantworteten Fragen
Ihre Resultats-Entwicklung
Sie haben dieses Quiz noch nicht gespielt